A condensed historical examination of the wars of the Indians, in past and present times, within the boundaries of the United States. (Record no. 52715)
[ view plain ]
| 000 -LEADER | |
|---|---|
| fixed length control field | 00926cam a22002291 4500 |
| 001 - CONTROL NUMBER | |
| control field | s 33000241 |
| 003 - CONTROL NUMBER IDENTIFIER | |
| control field | DLC |
| 005 - DATE AND TIME OF LATEST TRANSACTION | |
| control field | 20260227111911.0 |
| 008 - FIXED-LENGTH DATA ELEMENTS--GENERAL INFORMATION | |
| fixed length control field | 880815s1840 mau 000 0 eng c |
| 010 ## - LIBRARY OF CONGRESS CONTROL NUMBER | |
| LC control number | s 33000241 |
| 035 ## - SYSTEM CONTROL NUMBER | |
| System control number | (OCoLC)18354524 |
| 040 ## - CATALOGING SOURCE | |
| Original cataloging agency | Library, Smithsonian Institution |
| Transcribing agency | DSI |
| Modifying agency | DLC |
| 042 ## - AUTHENTICATION CODE | |
| Authentication code | premarc |
| 050 00 - LIBRARY OF CONGRESS CALL NUMBER | |
| Classification number | E81 |
| Item number | .S55 |
| 100 1# - MAIN ENTRY--PERSONAL NAME | |
| Personal name | Smith, Jerome Van Crowninshield, |
| Dates associated with a name | 1800-1879. |
| 245 02 - TITLE STATEMENT | |
| Title | A condensed historical examination of the wars of the Indians, in past and present times, within the boundaries of the United States. |
| Remainder of title | With an appendix, embracing the researches of antiquarians in relation to the first inhabitants of America. Designed for youth. |
| Statement of responsibility, etc. | By Jerome V.C. Smith ... |
| 260 ## - PUBLICATION, DISTRIBUTION, ETC. | |
| Place of publication, distribution, etc. | Boston, |
| Name of publisher, distributor, etc. | G. Clarke, |
| Date of publication, distribution, etc. | 1840. |
| 300 ## - PHYSICAL DESCRIPTION | |
| Extent | 304 p. |
| Dimensions | 22 cm. |
| 490 0# - SERIES STATEMENT | |
| Series statement | Indian Wars of America |
| 650 #0 - SUBJECT ADDED ENTRY--TOPICAL TERM | |
| Topical term or geographic name entry element | Indians of North America |
| General subdivision | Wars. |
| 650 #0 - SUBJECT ADDED ENTRY--TOPICAL TERM | |
| Topical term or geographic name entry element | Indians of North America |
| General subdivision | History. |
No items available.